Empowerment : the politics of alternative development
Αποθηκεύτηκε σε:
| Κύριος συγγραφέας: | |
|---|---|
| Μορφή: | Βιβλίο |
| Γλώσσα: | English |
| Δημοσίευση: |
Cambridge :
Blackwell,
1992
|
| Θέματα: | |
| Ετικέτες: |
Προσθήκη ετικέτας
Δεν υπάρχουν, Καταχωρήστε ετικέτα πρώτοι!
|
MARC
| LEADER | 00000nam a2200000 i 4500 | ||
|---|---|---|---|
| 001 | 1/97160 | ||
| 008 | 950207s1992 eng d | ||
| 020 | |a 1-55786-300-8 | ||
| 035 | |l 10010452 | ||
| 040 | |a GR-MY-UA |b gre |e aacr | ||
| 041 | 0 | |a eng | |
| 082 | 0 | |a 307.14 | |
| 100 | 1 | |a Friedmann, John. | |
| 245 | 1 | 0 | |a Empowerment : |b the politics of alternative development / |c John Friedmann |
| 260 | |a Cambridge : |b Blackwell, |c 1992 | ||
| 300 | |a 196 p. | ||
| 504 | |a Includes bibliographical references and index | ||
| 650 | 0 | 0 | |a Community development. |
| 650 | 0 | 0 | |a Economic development |x Social aspects. |
| 852 | |a INST |b LESVOS |e 19950207 |h 307.14 FRI |p 005100003054 |q 005100003054 |t BK |y 0 | ||
| 909 | |a Λ |b 038012 | ||